St. Louis trivia - Statistics

General Stats
  • This quiz has been taken 264 times
  • The average score is 5 of 7
Answer Stats
Hint Answer % Correct
What is the home baseball team named Cardinals
96%
how many cathedrals are there in the city 2
94%
How many world series wins do they have 11
89%
When was the last time they went to the world series 2013
84%
what park is bigger in St. Louis than central park in NYC Forest park
74%
The Square Beyond Compare Imos
68%
who is the mayor of the city of St. Louis Francis Slay
39%
No matching quizzes found
Score Distribution
Percent of People with Each Score
Percentile by Number Answered
Your Score History
You have not taken this quiz